| 000 | 00485nam a22001937a 4500 | ||
|---|---|---|---|
| 003 | MPLRDC | ||
| 005 | 20220104161052.0 | ||
| 008 | 210129b ||||| |||| 00| 0 eng d | ||
| 020 | _a986-7561-11-2 | ||
| 082 | _a494 CHR | ||
| 100 | _aCLAYTON M. CHRISTENSEN等 | ||
| 245 |
_a创新者的解答 _c李芳龄等译 |
||
| 250 | _a第一版 | ||
| 260 |
_a台湾 _b天下杂志 _c2003 |
||
| 300 | _b平 | ||
| 490 | _a天下财经. 54 | ||
| 650 | _a企业管理 | ||
| 942 |
_cBK _o494 CHR |
||
| 999 |
_c55299 _d55289 |
||